| 000 | 01315nam a2200361 a 4500 | ||
|---|---|---|---|
| 001 | 36855 | ||
| 003 | BD-RjUL | ||
| 005 | 20211209052542.0 | ||
| 008 | 140916s1997 enka b 001 0 eng | ||
| 020 | _a0851991319 (hbk : alk. paper) | ||
| 020 | _a0851991327 (pbk) | ||
| 035 | _a(BD-RjUL) | ||
| 040 |
_aDLC _cDLC _dDLC _beng |
||
| 041 | _aeng | ||
| 082 | 0 | 0 |
_a595.7072 _221 |
| 245 | 0 | 0 |
_aMethods in ecological and agricultural entomology / _cedited by D.R. Dent and M.P. Walton. |
| 260 |
_aWallingford, Oxon, UK ; _aNew York : _bCAB International, _cc1997. |
||
| 300 |
_axiv, 387 p. : _bill. ; _c26 cm. |
||
| 504 | _aIncludes bibliographical references and index. | ||
| 650 | 0 |
_aInsect pests _xBiological control. _9112428 |
|
| 650 | 0 |
_aAgricultural pests _xBiological control. _9112429 |
|
| 650 | 0 |
_aBeneficial insects. _9112430 |
|
| 650 | 0 |
_aInsect pests. _9112431 |
|
| 650 | 0 |
_aAgricultural pests. _9112432 |
|
| 650 | 0 |
_aEntomology. _9112433 |
|
| 700 | 1 |
_aDent, David, _cPh. D. _9112434 |
|
| 700 | 1 |
_aWalton, M. P. _9112435 |
|
| 856 | 4 | 2 |
_3Publisher description _uhttp://www.loc.gov/catdir/enhancements/fy0603/96048888-d.html |
| 856 | 4 | 1 |
_3Table of contents only _uhttp://www.loc.gov/catdir/enhancements/fy0603/96048888-t.html |
| 942 |
_2ddc _cBK |
||
| 999 |
_c36855 _d36855 |
||